000 00417nam a22001697a 4500
003 CEME
005 20210628205259.0
008 210225b xxu||||| |||| 00| 0 eng d
020 _a969-0-01305-X
040 _c.
082 _a297 MOH'H
100 _aMohammad, S. Vawda
_974741
245 _aHandy reference book on islam
260 _aRAWALPINDI
_bFEROZE SONS
_c1998
300 _aXXXVIII,337P
942 _cBK
_2ddc
999 _c580242
_d580242